[Event "Bled Olympiad"]
[Site "Bled SLO"]
[Date "2002.10.31"]
[EventDate "2002.10.26"]
[Round "6"]
[Result "0-1"]
[White "Aleksei Holmsten"]
[Black "Thomas Luther"]
[WhiteElo "2410"]
[BlackElo "2538"]
[PlyCount "76"]

1. e4 Nf6 2. e5 Nd5 3. d4 d6 4. c4 Nb6 5. exd6 exd6 6. Nc3 Nc6
7. Be3 Be7 8. h3 O-O 9. Nf3 Bf6 10. b3 Re8 11. Be2 Bf5 12. O-O
d5 13. Rc1 Be4 14. c5 Nc8 15. Nh2 N8e7 16. g4 Ng6 17. Nxe4
dxe4 18. Rc4 Qd5 19. Qc2 Rad8 20. Rd1 Bg5 21. Nf1 Nf4 22. h4
Nxe2+ 23. Qxe2 Bxh4 24. Bf4 Qd7 25. d5 Ne5 26. Bxe5 Rxe5
27. Rxe4 Rxe4 28. Qxe4 Re8 29. Qf3 h6 30. Ne3 Be7 31. c6 bxc6
32. dxc6 Qe6 33. Rd7 Bd6 34. Nd5 Qg6 35. Nxc7 Re4 36. Kf1 Rxg4
37. Nd5 Rg1+ 38. Ke2 Qc2+ 0-1

[Event "Bled Olympiad"]
[Site "Bled SLO"]
[Date "2002.10.31"]
[EventDate "2002.10.26"]
[Round "6"]
[Result "1-0"]
[White "Tomi Nyback"]
[Black "Rustem Dautov"]
[WhiteElo "2445"]
[BlackElo "2617"]
[PlyCount "77"]

1. d4 Nf6 2. c4 e6 3. Nf3 b6 4. e3 Bb7 5. Bd3 d5 6. O-O Nbd7
7. Nc3 Be7 8. b3 O-O 9. Bb2 a6 10. Qe2 Ne4 11. Bc2 f5 12. Nxe4
dxe4 13. Nd2 Bd6 14. f3 Qh4 15. g3 Qh5 16. Rae1 exf3 17. Nxf3
Nf6 18. Nh4 Qg5 19. Nf3 Qh6 20. d5 exd5 21. Bxf5 Ne4 22. Nd4
Ng5 23. Qg4 Be5 24. h4 Nf7 25. Be6 Qg6 26. Qxg6 hxg6 27. cxd5
Bxg3 28. Rxf7 Rxf7 29. Rf1 Raf8 30. Ba3 Bc8 31. Bxf8 Bxe6
32. Nxe6 Bxh4 33. Rxf7 Kxf7 34. Bxg7 c6 35. e4 cxd5 36. exd5
Bg3 37. Bd4 b5 38. Kg2 Bd6 39. Kf3 1-0

[Event "Bled Olympiad"]
[Site "Bled SLO"]
[Date "2002.10.31"]
[EventDate "2002.10.26"]
[Round "6"]
[Result "1/2-1/2"]
[White "Georg Mohr"]
[Black "Enamul Hossain"]
[WhiteElo "2488"]
[BlackElo "2396"]
[PlyCount "63"]

1. Nf3 c5 2. g3 Nc6 3. Bg2 g6 4. O-O Bg7 5. c4 e5 6. Nc3 Nge7
7. Ne1 O-O 8. Nc2 Nd4 9. Rb1 a5 10. e3 Nxc2 11. Qxc2 d6 12. a3
Be6 13. Na4 Qc7 14. d3 Rab8 15. Bd2 b5 16. cxb5 Rxb5 17. b4
axb4 18. axb4 Rfb8 19. Ra1 Nc6 20. bxc5 Nb4 21. Bxb4 Rxb4
22. Rab1 Qa5 23. Rxb4 Rxb4 24. Nb6 Qxc5 25. Qxc5 dxc5 26. Nd5
Rb3 27. Nc7 Bg4 28. h3 Bf5 29. Rc1 Bf8 30. Na6 Rb5 31. Nc7 Rb3
32. Na6 1/2-1/2

[Event "Bled Olympiad"]
[Site "Bled SLO"]
[Date "2002.10.31"]
[EventDate "2002.10.26"]
[Round "6"]
[Result "1/2-1/2"]
[White "Antonio Fernandes"]
[Black "Sergey Zagrebelny"]
[WhiteElo "2482"]
[BlackElo "2525"]
[PlyCount "29"]

1. d4 Nf6 2. c4 e6 3. Nf3 b6 4. g3 Bb7 5. Bg2 Be7 6. O-O O-O
7. Nc3 Ne4 8. Qc2 Nxc3 9. Qxc3 c5 10. Rd1 d6 11. Qc2 Nc6
12. Be3 cxd4 13. Nxd4 Nxd4 14. Bxd4 Bxg2 15. Kxg2 1/2-1/2

[Event "Bled Olympiad"]
[Site "Bled SLO"]
[Date "2002.10.31"]
[EventDate "2002.10.26"]
[Round "6"]
[Result "0-1"]
[White "Shukhrat Safin"]
[Black "Rui Damaso"]
[WhiteElo "2542"]
[BlackElo "2427"]
[PlyCount "44"]

1. d4 Nf6 2. c4 c5 3. d5 g6 4. Nc3 d6 5. e4 Bg7 6. Nge2 O-O
7. Ng3 e6 8. Be2 exd5 9. cxd5 Na6 10. O-O Nc7 11. f4 b5 12. e5
dxe5 13. d6 Ne6 14. fxe5 Nd7 15. Nd5 Nxe5 16. Ne4 Bb7 17. Bxb5
f5 18. Bg5 Qa5 19. Qb3 Kh8 20. Bd2 Bxd5 21. Qxd5 Qxb5 22. Bc3
Qc4 0-1

[Event "Bled Olympiad"]
[Site "Bled SLO"]
[Date "2002.10.31"]
[EventDate "2002.10.26"]
[Round "6"]
[Result "0-1"]
[White "Carlos Pereira dos Santos"]
[Black "Marat Dzhumaev"]
[WhiteElo "2420"]
[BlackElo "2495"]
[PlyCount "82"]

1. d4 f5 2. g3 Nf6 3. Bg2 g6 4. Nf3 Bg7 5. O-O O-O 6. c4 d6
7. Nc3 Qe8 8. Re1 Qf7 9. Ng5 Qxc4 10. Qd3 Qxd3 11. exd3 c6
12. Rxe7 h6 13. Ne6 Bxe6 14. Rxe6 d5 15. Bd2 Na6 16. b4 Nc7
17. Re7 Nfe8 18. b5 Bxd4 19. bxc6 bxc6 20. Rc1 Bc5 21. Nxd5
Bxe7 22. Nxe7+ Kh7 23. Rxc6 Rb8 24. Rxg6 Rb1+ 25. Bf1 Rf6
26. Rxf6 Nxf6 27. Nxf5 Ncd5 28. Nxh6 Kg6 29. h4 Rd1 30. Bg5
Nh7 31. Ng4 Nxg5 32. hxg5 Kxg5 33. Kg2 Ra1 34. Ne5 Rxa2
35. Kf3 a5 36. Bh3 Kf6 37. Nc4 a4 38. Ke4 Nc3+ 39. Kd4 Nb1
40. Kc5 a3 41. Kb4 Rb2+ 0-1

[Event "Bled Olympiad"]
[Site "Bled SLO"]
[Date "2002.10.31"]
[EventDate "2002.10.26"]
[Round "6"]
[Result "1-0"]
[White "Ramachandran Ramesh"]
[Black "Boris Ferrufino"]
[WhiteElo "2475"]
[BlackElo "2186"]
[PlyCount "83"]

1. e4 c5 2. Nf3 d6 3. d4 cxd4 4. Nxd4 e5 5. Bb5+ Nd7 6. Nf5 a6
7. Bxd7+ Qxd7 8. Nc3 Qc6 9. Qf3 Be6 10. Bg5 f6 11. Bd2 g6
12. Ne3 Bg7 13. Ncd5 Kf7 14. O-O-O Rc8 15. Bb4 a5 16. Bxa5 Qa4
17. Bc3 Qxa2 18. Nb4 Qa1+ 19. Kd2 Qa7 20. Ra1 Qc5 21. Nbd5 Bh6
22. Ra5 Qc6 23. Rha1 Bxd5 24. exd5 Qb6 25. Qe2 Ne7 26. Qb5 Qc7
27. R1a4 Rhd8 28. Ra7 Rd7 29. g3 Bxe3+ 30. fxe3 Ng8 31. Rb4
Rb8 32. Rh4 Kg7 33. Ba5 Qc8 34. Rc4 Qe8 35. Qxd7+ Qxd7 36. Rc7
Qe7 37. Rxe7+ Nxe7 38. Bc7 Rc8 39. Bxd6 Nxd5 40. Rxb7+ Kh6
41. e4 Rc6 42. Bf8+ 1-0

[Event "Bled Olympiad"]
[Site "Bled SLO"]
[Date "2002.10.31"]
[EventDate "2002.10.26"]
[Round "6"]
[Result "1/2-1/2"]
[White "Kevin Spraggett"]
[Black "Stelios Halkias"]
[WhiteElo "2533"]
[BlackElo "2528"]
[PlyCount "85"]

1. e4 c5 2. Nf3 Nc6 3. d4 cxd4 4. Nxd4 Nf6 5. Nc3 e5 6. Ndb5
d6 7. Bg5 a6 8. Na3 b5 9. Nd5 Be7 10. Bxf6 Bxf6 11. c3 Ne7
12. Nxf6+ gxf6 13. Nc2 Bb7 14. Bd3 d5 15. f3 f5 16. exf5 Qb6
17. Qe2 O-O-O 18. O-O-O f6 19. g4 Rhe8 20. Rhe1 Kb8 21. h3 Nc6
22. Kb1 Ka7 23. Qe3 Qxe3 24. Rxe3 d4 25. cxd4 Nxd4 26. Nxd4
Rxd4 27. Be2 Red8 28. Kc2 Kb6 29. Rxd4 Rxd4 30. a3 a5 31. Rd3
Kc5 32. Rc3+ Kb6 33. Re3 b4 34. axb4 axb4 35. Bd3 Rf4 36. Be4
Bxe4+ 37. Rxe4 Rxf3 38. Rxb4+ Kc5 39. Rb3 Rf2+ 40. Kd3 Rf3+
41. Kc2 Rf2+ 42. Kd3 Rf3+ 43. Ke4 1/2-1/2

[Event "Bled Olympiad"]
[Site "Bled SLO"]
[Date "2002.10.31"]
[EventDate "2002.10.26"]
[Round "6"]
[Result "0-1"]
[White "Throstur Thorhallsson"]
[Black "Cerdas Barus"]
[WhiteElo "2443"]
[BlackElo "2479"]
[PlyCount "160"]

1. e4 e5 2. Nf3 Nc6 3. Bc4 Bc5 4. c3 Nf6 5. Qe2 d6 6. d3 a6
7. Bb3 O-O 8. Bg5 b5 9. Nbd2 Bb6 10. Bd5 Bd7 11. Nf1 Nxd5
12. Bxd8 Nf4 13. Qd1 Nxg2+ 14. Kd2 Raxd8 15. Rg1 Nf4 16. Ne3
Ne7 17. Nh4 Kh8 18. Kc2 f6 19. Qf3 Be6 20. Rad1 Rf7 21. Nhg2
Nh3 22. Rgf1 Ng6 23. Nd5 Ba7 24. Qg3 c6 25. f4 cxd5 26. f5
Nhf4 27. fxe6 Nxe6 28. exd5 Nc7 29. c4 f5 30. h4 f4 31. Qg5
Rdf8 32. h5 Ne7 33. Nh4 h6 34. Qxe7 Rxe7 35. Ng6+ Kg8
36. Nxe7+ Kh7 37. d4 Bxd4 38. Ng6 Rc8 39. Nxf4 bxc4 40. Rfe1
Bc5 41. Ng6 Bd4 42. Ne7 Rb8 43. b3 cxb3+ 44. axb3 Rb5 45. Nf5
Rc5+ 46. Kd3 Rxd5 47. Ke4 Rb5 48. Nxd6 Rxb3 49. Rb1 Rh3
50. Rh1 Re3+ 51. Kf5 Rf3+ 52. Kg4 Rf4+ 53. Kg3 Bf2+ 54. Kg2
Nd5 55. Rh3 Bc5 56. Nb7 Bd4 57. Re1 Rf7 58. Rb3 Nf4+ 59. Kh2
Rf5 60. Kg3 Rxh5 61. Kg4 Rg5+ 62. Kf3 Nh5 63. Rbb1 Rg3+
64. Ke4 Kg6 65. Kd5 Nf4+ 66. Kd6 h5 67. Nd8 Rd3 68. Rbd1 e4
69. Nc6 Bf6+ 70. Rxd3 exd3 71. Ne5+ Kf5 72. Nc4 Bd4 73. Rf1 h4
74. Nd2 h3 75. Nf3 Be3 76. Ne5 Ke4 77. Ng4 Bd4 78. Nh2 d2
79. Nf3 Be3 80. Ng5+ Kd3 0-1

[Event "Bled Olympiad"]
[Site "Bled SLO"]
[Date "2002.10.31"]
[EventDate "2002.10.26"]
[Round "6"]
[Result "1/2-1/2"]
[White "Muhammad Ivan Situru"]
[Black "Hannes Stefansson"]
[WhiteElo "2377"]
[BlackElo "2566"]
[PlyCount "135"]

1. d4 Nf6 2. c4 e6 3. Nc3 Bb4 4. e3 O-O 5. Bd3 d5 6. a3 Bxc3+
7. bxc3 c5 8. Ne2 b6 9. cxd5 exd5 10. O-O Ba6 11. Bc2 Nc6
12. Re1 Re8 13. f3 Qc7 14. Ng3 Rad8 15. Ba4 Re6 16. Nh1 Na5
17. Nf2 Rc8 18. Rb1 Bb7 19. Nd3 Re7 20. dxc5 bxc5 21. Rb5 Nd7
22. Nf4 Nf6 23. Nd3 c4 24. Rc5 Qb6 25. Rxc8+ Bxc8 26. Nb4 Bd7
27. Bxd7 Rxd7 28. Qd4 Qb7 29. Qd1 Nb3 30. Nc2 Nc5 31. Nd4 Nd3
32. Rf1 Qb1 33. e4 dxe4 34. fxe4 Nxe4 35. Qa4 Ndc5 36. Qxc4
Qd3 37. Qxd3 Nxd3 38. Ne2 Ne5 39. h3 g6 40. Bh6 f6 41. Be3 Nc4
42. Bd4 Kf7 43. a4 Rb7 44. Nf4 a6 45. Nd3 Rb3 46. a5 Rb5
47. Ra1 Nxa5 48. Kh2 h5 49. Ra4 h4 50. c4 Rf5 51. c5 Nc6
52. Bg1 Nd2 53. Rxh4 Rh5 54. Rf4 a5 55. Bd4 Rf5 56. Rxf5 gxf5
57. Bc3 Ne4 58. Bb2 a4 59. g4 fxg4 60. hxg4 Nd2 61. Kg3 Nc4
62. Bc3 a3 63. Kf4 Kg6 64. Ke4 Kg5 65. Kd5 N4e5 66. Nxe5 Nxe5
67. c6 Nxc6 68. Ke4 1/2-1/2

[Event "Bled Olympiad"]
[Site "Bled SLO"]
[Date "2002.10.31"]
[EventDate "2002.10.26"]
[Round "6"]
[Result "1-0"]
[White "Farrukh Amonatov"]
[Black "Eugenio Torre"]
[WhiteElo "2518"]
[BlackElo "2523"]
[PlyCount "77"]

1. e4 d6 2. d4 Nf6 3. Nc3 g6 4. Be3 c6 5. Qd2 b5 6. Bd3 Nbd7
7. O-O-O Qa5 8. Kb1 b4 9. Nce2 Ng4 10. f4 Bg7 11. Nf3 Nxe3
12. Qxe3 O-O 13. Ng5 Qb6 14. Qg3 Nf6 15. Ka1 a5 16. Rhf1 a4
17. e5 a3 18. b3 Ng4 19. f5 Nxe5 20. fxg6 Nxg6 21. Bxg6 fxg6
22. Rxf8+ Bxf8 23. Qf3 Bf5 24. g4 Ra5 25. gxf5 Rxf5 26. Qe3
Re5 27. Qf4 Rf5 28. Qh4 h6 29. Ne6 Qb5 30. Ng3 Qd5 31. Nxf5
Qxf5 32. Qe1 Qxc2 33. Qd2 Qf5 34. Nxf8 Qxf8 35. Qxb4 Qf3
36. Qd2 Kf7 37. Qd3 Qg4 38. Re1 Qh4 39. Qf3+ 1-0

[Event "Bled Olympiad"]
[Site "Bled SLO"]
[Date "2002.10.31"]
[EventDate "2002.10.26"]
[Round "6"]
[Result "1-0"]
[White "Rogelio Antonio Jr"]
[Black "Jamshed Isaev"]
[WhiteElo "2507"]
[BlackElo "2440"]
[PlyCount "86"]

1. e4 e5 2. Nf3 Nc6 3. d4 exd4 4. Nxd4 Bc5 5. Be3 Qf6 6. c3
Nge7 7. Bc4 Ne5 8. Be2 Qg6 9. O-O d5 10. Bh5 Qxe4 11. Nd2 Qd3
12. N4f3 Bd6 13. Nxe5 Bxe5 14. Bc5 Bf6 15. Re1 g6 16. Be2 Qf5
17. Nf3 O-O 18. Bd3 Qd7 19. Ne5 Qd8 20. Qf3 Kg7 21. h4 Bxh4
22. Qf4 Bf6 23. Nf3 d4 24. Bc4 b5 25. Bb3 Bb7 26. Rad1 Bxf3
27. Qxf3 Nf5 28. Bxf8+ Qxf8 29. Bc2 Nh4 30. Qc6 Rd8 31. g3 Rd6
32. Qb7 Rb6 33. Qh1 Nf5 34. Bxf5 gxf5 35. Qf3 Qc5 36. cxd4
Bxd4 37. b3 Rd6 38. Kg2 Qc2 39. Rc1 Qxa2 40. Rxc7 Bb6
41. Rxf7+ Kxf7 42. Qxf5+ Kg8 43. Re8+ Kg7 1-0

[Event "Bled Olympiad"]
[Site "Bled SLO"]
[Date "2002.10.31"]
[EventDate "2002.10.26"]
[Round "6"]
[Result "0-1"]
[White "Rashid Khouseinov"]
[Black "Buenaventura Bong Villamayor"]
[WhiteElo "2331"]
[BlackElo "2503"]
[PlyCount "84"]

1. e4 e6 2. Qe2 Nf6 3. f4 d5 4. e5 Ng8 5. Nf3 Nh6 6. Nc3 c5
7. Nd1 Nc6 8. g3 Nf5 9. c3 Be7 10. Bh3 Rb8 11. d3 b5 12. O-O
h5 13. Ne3 g6 14. Bg2 a5 15. Rd1 Qb6 16. Qf2 c4 17. d4 b4
18. h3 a4 19. g4 hxg4 20. hxg4 Nxe3 21. Qxe3 a3 22. b3 Ba6
23. bxc4 Bxc4 24. Bd2 b3 25. axb3 Qxb3 26. Be1 Qa4 27. Nd2 Na5
28. Bf1 Bxf1 29. Kxf1 Kd7 30. Qf3 Nc4 31. Kg1 Rb2 32. Qd3 Rhb8
33. Kf1 Qc2 34. Ke2 Qa4 35. Kf1 Rh8 36. Kg1 a2 37. g5 Rhb8
38. Kf1 Na3 39. c4 Nxc4 40. Rdc1 Nxd2+ 41. Bxd2 R8b3 42. Rc3
Rxc3 0-1

[Event "Bled Olympiad"]
[Site "Bled SLO"]
[Date "2002.10.31"]
[EventDate "2002.10.26"]
[Round "6"]
[Result "1-0"]
[White "Mark Paragua"]
[Black "Marat Mamadshoev"]
[WhiteElo "2476"]
[BlackElo "2263"]
[PlyCount "75"]

1. Nf3 Nf6 2. d4 d5 3. c4 e6 4. Nc3 Be7 5. cxd5 exd5 6. Bg5 c6
7. Qc2 O-O 8. e3 Nbd7 9. Bd3 Re8 10. O-O Nf8 11. Bh4 Ne4
12. Bxe7 Qxe7 13. Bxe4 dxe4 14. Nd2 Bf5 15. f3 Qg5 16. f4 Qe7
17. Ne2 Bd7 18. Rab1 f5 19. b4 Be6 20. Rfc1 Rec8 21. a4 Nd7
22. g4 g6 23. Ng3 Nf6 24. gxf5 gxf5 25. Nc4 Kh8 26. Ne5 Nd5
27. Qc5 Qf6 28. Nc4 Rd8 29. b5 b6 30. Qa3 cxb5 31. axb5 Qh4
32. Kh1 Rac8 33. Ne5 Qe7 34. Qa1 Nxe3 35. d5 Kg8 36. dxe6 Qxe6
37. Rg1 Kf8 38. Qa3+ 1-0

[Event "Bled Olympiad"]
[Site "Bled SLO"]
[Date "2002.10.31"]
[EventDate "2002.10.26"]
[Round "6"]
[Result "1-0"]
[White "Petr Kostenko"]
[Black "Majeed Mohamad Abdul"]
[WhiteElo "2501"]
[BlackElo "2259"]
[PlyCount "60"]

1. e4 e6 2. d4 d5 3. Nc3 Nf6 4. Bg5 dxe4 5. Nxe4 Be7 6. Bxf6
Bxf6 7. Nf3 Nd7 8. Qd2 O-O 9. O-O-O Be7 10. Bd3 b6 11. Neg5 h6
12. h4 Bb7 13. Bh7+ Kh8 14. Be4 Bxe4 15. Nxe4 Nf6 16. Nxf6
Bxf6 17. g4 Qd5 18. Qf4 Be7 19. Kb1 Kg8 20. Rhg1 Rac8 21. Ne5
Bxh4 22. c4 Qd6 23. Qh2 f6 24. Qxh4 fxe5 25. g5 Rf4 26. Qh3
hxg5 27. Rxg5 Rcf8 28. Rdg1 R8f7 29. dxe5 Qd2 30. Qxe6 Qd7 1-0

[Event "Bled Olympiad"]
[Site "Bled SLO"]
[Date "2002.10.31"]
[EventDate "2002.10.26"]
[Round "6"]
[Result "1/2-1/2"]
[White "Hassan Abdullah"]
[Black "Darmen Sadvakasov"]
[WhiteElo "2296"]
[BlackElo "2538"]
[PlyCount "99"]

1. d4 Nf6 2. Nf3 c5 3. d5 e6 4. Nc3 d6 5. Bf4 e5 6. Bg5 Be7
7. e4 h6 8. Bd2 O-O 9. Bd3 Na6 10. O-O Rb8 11. Nb5 Nc7
12. Nxa7 Ra8 13. Nxc8 Qxc8 14. c4 Nh7 15. Qe2 Qd7 16. Ne1 Bg5
17. Bc3 Rfb8 18. Nc2 g6 19. g3 Bf6 20. h4 Bg7 21. Ne3 Nf6
22. Kg2 Nh5 23. Nf5 Bf8 24. f4 exf4 25. gxf4 b5 26. b3 bxc4
27. Bxc4 Re8 28. Ng3 Bg7 29. Bxg7 Nxg3 30. Kxg3 Kxg7 31. Qd3
Kh7 32. a4 f5 33. exf5 gxf5 34. Kh2 Re4 35. Rae1 Rd4 36. Qf3
Qf7 37. Rg1 Re8 38. Rxe8 Nxe8 39. Rd1 Re4 40. Bd3 Rd4 41. Bc4
Re4 42. Bd3 Rd4 43. Bc2 Rb4 44. Rg1 Ng7 45. Qg3 Rd4 46. Bd3
Kh8 47. Bc4 Kh7 48. Bd3 Kh8 49. Bc4 Kh7 50. Bd3 1/2-1/2

[Event "Bled Olympiad"]
[Site "Bled SLO"]
[Date "2002.10.31"]
[EventDate "2002.10.26"]
[Round "6"]
[Result "1-0"]
[White "Franz Hoelzl"]
[Black "Mikhail Gluzman"]
[WhiteElo "2372"]
[BlackElo "2417"]
[PlyCount "125"]

1. d4 d5 2. c4 e6 3. Nf3 c5 4. e3 Nc6 5. Nc3 Nf6 6. cxd5 exd5
7. Be2 Bd6 8. dxc5 Bxc5 9. O-O O-O 10. b3 a6 11. Bb2 Ba7
12. Rc1 Qd6 13. Rc2 Bg4 14. Rd2 Rad8 15. Nxd5 Nxd5 16. e4 Bb8
17. g3 Rfe8 18. Rxd5 Qe7 19. Rxd8 Rxd8 20. Qc2 Re8 21. Re1 Bd6
22. Nd2 Bd7 23. Bf1 Rc8 24. Nc4 Bc5 25. Bg2 Be6 26. Ne3 a5
27. Qb1 Re8 28. Qa1 Nb4 29. Qb1 h5 30. Bc3 Qg5 31. h4 Qg6
32. a3 Nc6 33. b4 axb4 34. axb4 Bb6 35. b5 Nd4 36. Qb2 Qf6
37. Kh1 Rc8 38. f4 Ra8 39. f5 Ra2 40. Qb1 Bb3 41. Bxd4 Qxd4
42. Qxb3 Qd2 43. Rd1 Qf2 44. Rf1 Qxg3 45. Qxa2 Qxh4+ 46. Kg1
Bxe3+ 47. Rf2 Qd8 48. Qe2 Qb6 49. Bf3 Bxf2+ 50. Qxf2 Qxb5
51. Qd4 Qa5 52. Kg2 h4 53. Kh3 b5 54. e5 b4 55. Bd5 Qc7
56. Kxh4 Kh7 57. Kg4 g6 58. Be4 gxf5+ 59. Kxf5 Qe7 60. Qd6 Qh4
61. Qf8 b3 62. Qxf7+ Kh8 63. Qf6+ 1-0

[Event "Bled Olympiad"]
[Site "Bled SLO"]
[Date "2002.10.31"]
[EventDate "2002.10.26"]
[Round "6"]
[Result "1/2-1/2"]
[White "Martin Neubauer"]
[Black "Darryl K Johansen"]
[WhiteElo "2388"]
[BlackElo "2512"]
[PlyCount "56"]

1. e4 e6 2. d4 d5 3. exd5 exd5 4. Nf3 Bd6 5. c4 c6 6. Nc3 Ne7
7. Bd3 dxc4 8. Bxc4 O-O 9. O-O Nd7 10. Bg5 Nb6 11. Bb3 Kh8
12. Bxe7 Qxe7 13. Re1 Qc7 14. Qd3 g6 15. Qe3 Bf5 16. Qh6 f6
17. Qe3 Rad8 18. h3 g5 19. Rad1 a6 20. Nd2 Bh2+ 21. Kf1 Rde8
22. Qf3 Qf4 23. Ne2 Bg3 24. Nxg3 Bg6 25. Rxe8 Rxe8 26. Re1 Kg7
27. Be6 a5 28. Ke2 Nd5 1/2-1/2

[Event "Bled Olympiad"]
[Site "Bled SLO"]
[Date "2002.10.31"]
[EventDate "2002.10.26"]
[Round "6"]
[Result "1-0"]
[White "Ian Rogers"]
[Black "Friedrich Karl Volkmann"]
[WhiteElo "2557"]
[BlackElo "2435"]
[PlyCount "131"]

1. e4 e5 2. Nf3 Nf6 3. Nxe5 d6 4. Nf3 Nxe4 5. d4 d5 6. Bd3 Nc6
7. O-O Be7 8. c4 Nb4 9. cxd5 Nxd3 10. Qxd3 Qxd5 11. Re1 Bf5
12. Nc3 Nxc3 13. Qxc3 Be6 14. Qxc7 Bd6 15. Qc3 O-O 16. Bd2
Rfc8 17. Qe3 h6 18. Bc3 b5 19. a3 a5 20. Qd2 Qb3 21. d5 Qxd5
22. Bxa5 Qxd2 23. Bxd2 Rc2 24. Bc3 Bc5 25. Nd4 Bxd4 26. Bxd4
Rd8 27. Bc3 Kh7 28. Re5 Rd5 29. Rxd5 Bxd5 30. h4 Re2 31. Rd1
Be6 32. Rd4 Re5 33. f3 Rd5 34. Re4 h5 35. a4 bxa4 36. Rxa4 g5
37. hxg5 Rxg5 38. Kf2 Kg6 39. Ra8 Rc5 40. Ke3 Rc8 41. Ra5 h4
42. Kf2 Rc4 43. Kg1 Rc8 44. Kh2 Rc4 45. Re5 Rc8 46. Re3 Ra8
47. Re4 Kg5 48. Bd2+ Kh5 49. Be1 h3 50. g4+ Kg6 51. Kxh3 Re8
52. Kg3 f5 53. Re5 fxg4 54. fxg4 Kf7 55. Bc3 Rd8 56. g5 Bc8
57. Rc5 Rd3+ 58. Kf4 Bd7 59. Rc7 Kg6 60. Ra7 Kf7 61. Ra6 Ke7
62. g6 Rd1 63. Bf6+ Kf8 64. Ra8+ Be8 65. g7+ Kf7 66. Rxe8 1-0

[Event "Bled Olympiad"]
[Site "Bled SLO"]
[Date "2002.10.31"]
[EventDate "2002.10.26"]
[Round "6"]
[Result "1-0"]
[White "Brian Kelly"]
[Black "Dario Alzate"]
[WhiteElo "2451"]
[BlackElo "2432"]
[PlyCount "135"]

1. d4 d5 2. c4 c6 3. Nc3 Nf6 4. e3 a6 5. Nf3 Bf5 6. Qb3 Ra7
7. cxd5 cxd5 8. Ne5 e6 9. Bd2 Bd6 10. Qa4+ Nc6 11. Nxc6 bxc6
12. Qxc6+ Qd7 13. Qxd7+ Nxd7 14. Rc1 Ke7 15. Na4 Rb8 16. Rc6
a5 17. Be2 Bb1 18. a3 Ba2 19. O-O Bb3 20. Nc3 Rb6 21. Rc8 Rb8
22. Rxb8 Bxb8 23. Nb5 Ra8 24. Rc1 Nb6 25. Rc3 Bc4 26. Bxc4
Nxc4 27. Bc1 a4 28. b3 axb3 29. Rxb3 Bd6 30. Kf1 Rb8 31. a4
Ra8 32. Nc3 Ra7 33. h3 Kd7 34. Ke2 Kc6 35. Kd3 Nb6 36. Ba3
Bxa3 37. Rxa3 f5 38. Ra1 Nc4 39. Rb1 Rb7 40. Rxb7 Kxb7 41. g4
Kc6 42. gxf5 exf5 43. f3 Nb2+ 44. Ke2 Nc4 45. Na2 Na5 46. Nb4+
Kd6 47. h4 Nc4 48. Nd3 g6 49. Nc5 h6 50. f4 Kc6 51. Nd3 Kb6
52. Nb4 Ka5 53. Nxd5 Kxa4 54. Ne7 Nd6 55. Nxg6 Kb5 56. Ne7 Kc4
57. Ng8 Nf7 58. Ne7 Nd6 59. Kd2 h5 60. Kc2 Kb5 61. Kc3 Ne4+
62. Kd3 Nd6 63. Kd2 Nc4+ 64. Ke2 Nd6 65. Kd3 Ka6 66. d5 Kb6
67. Kd4 Kc7 68. Ng8 1-0

[Event "Bled Olympiad"]
[Site "Bled SLO"]
[Date "2002.10.31"]
[EventDate "2002.10.26"]
[Round "6"]
[Result "1/2-1/2"]
[White "Mario Belli Pino"]
[Black "Husein Aziz Nezad"]
[WhiteElo "2401"]
[BlackElo "2315"]
[PlyCount "116"]

1. c4 e6 2. Nc3 d5 3. d4 Be7 4. cxd5 exd5 5. Bf4 c6 6. e3 Bf5
7. Nf3 Nf6 8. h3 Nbd7 9. Bd3 Bxd3 10. Qxd3 O-O 11. O-O a5
12. Rfc1 Re8 13. Rc2 Bf8 14. Ne5 Nxe5 15. Bxe5 Bd6 16. Bxd6
Qxd6 17. Na4 Ne4 18. Nc5 Qe7 19. Qb3 Nd6 20. Rac1 h5 21. Qd3
Qg5 22. b3 Re7 23. Qd1 Rae8 24. a4 Nf5 25. Nd3 Re4 26. Rd2 Nh4
27. Ne1 R8e6 28. Qe2 Rg6 29. g3 Nf5 30. Nf3 Qf6 31. Kh2 Qd6
32. Ne5 Nxd4 33. Rxd4 Qxe5 34. Rxe4 dxe4 35. h4 Rd6 36. Rc4
Qf5 37. b4 Rd5 38. bxa5 Rxa5 39. Qc2 Re5 40. Rb4 Rc5 41. Qb2
Qf3 42. Rd4 b5 43. a5 b4 44. a6 Ra5 45. Rxb4 Rxa6 46. Rb8+ Kh7
47. Rb4 c5 48. Rc4 Rd6 49. Rc1 c4 50. Rf1 Rd3 51. Kg1 c3
52. Qb3 Qf5 53. Qc4 Qd5 54. Qc8 g6 55. Kg2 Qa2 56. Qc7 Rxe3
57. Ra1 Qxa1 58. Qxf7+ Kh8 1/2-1/2

[Event "Bled Olympiad"]
[Site "Bled SLO"]
[Date "2002.10.31"]
[EventDate "2002.10.26"]
[Round "6"]
[Result "1-0"]
[White "Daniel Mieles Palau"]
[Black "Amir Mallahi"]
[WhiteElo "2416"]
[BlackElo "2406"]
[PlyCount "89"]

1. e4 c5 2. Nf3 Nc6 3. d4 cxd4 4. Nxd4 Nf6 5. Nc3 e5 6. Ndb5
d6 7. Bg5 a6 8. Na3 b5 9. Bxf6 gxf6 10. Nd5 f5 11. g3 fxe4
12. Bg2 Be6 13. Bxe4 Rc8 14. O-O Bg7 15. Qh5 Ne7 16. Nxe7 Qxe7
17. Rad1 Rc5 18. b4 Rc3 19. Nb1 Rc4 20. Nd2 Rxb4 21. c3 Ra4
22. Bc6+ Bd7 23. Ne4 O-O 24. Bxd7 Qxd7 25. Nc5 Qg4 26. Qxg4
Rc4 27. Qf4 Rxf4 28. Rd3 Rg4 29. Rxd6 a5 30. Rb6 b4 31. cxb4
Rxb4 32. Rxb4 axb4 33. Rb1 Rc8 34. Nd3 e4 35. Nxb4 Ra8 36. Rc1
Bf8 37. Nd5 Rxa2 38. Nf6+ Kg7 39. Nxe4 Re2 40. Rc4 h6 41. Kg2
Rb2 42. Rc6 Be7 43. g4 Bh4 44. Rc5 Rb4 45. Nd6 1-0

[Event "Bled Olympiad"]
[Site "Bled SLO"]
[Date "2002.10.31"]
[EventDate "2002.10.26"]
[Round "6"]
[Result "1/2-1/2"]
[White "Ehsan Ghaem Maghami"]
[Black "Carlos Matamoros Franco"]
[WhiteElo "2511"]
[BlackElo "2459"]
[PlyCount "72"]

1. c4 Nf6 2. Nc3 c5 3. g3 e6 4. Nf3 b6 5. Bg2 Bb7 6. O-O a6
7. d4 cxd4 8. Qxd4 d6 9. b3 Be7 10. Rd1 Nbd7 11. Bb2 O-O
12. h3 Qc7 13. Rac1 Rfd8 14. Qe3 Rac8 15. g4 Qb8 16. Nd4 Bxg2
17. Kxg2 Qb7+ 18. Qf3 Qc7 19. Kg1 Ne5 20. Qg2 Ng6 21. e3 h6
22. f4 Nh4 23. Qf2 Nh7 24. Nf3 Nxf3+ 25. Qxf3 Bf6 26. Qf2 Qe7
27. Rd3 Nf8 28. Rcd1 Ng6 29. Ba3 Qb7 30. Qg2 Qxg2+ 31. Kxg2 d5
32. Ne2 dxc4 33. Rxd8+ Bxd8 34. bxc4 Be7 35. Bxe7 Nxe7 36. Rd7
Ng6 1/2-1/2

[Event "Bled Olympiad"]
[Site "Bled SLO"]
[Date "2002.10.31"]
[EventDate "2002.10.26"]
[Round "6"]
[Result "1/2-1/2"]
[White "Raul Garcia Paolicchi"]
[Black "Florentino Garmendez"]
[WhiteElo "2269"]
[BlackElo "2408"]
[PlyCount "115"]

1. Nf3 Nf6 2. c4 g6 3. g3 Bg7 4. Bg2 c5 5. d4 cxd4 6. Nxd4 O-O
7. O-O Nc6 8. Nc3 Nxd4 9. Qxd4 d6 10. Qd3 Bf5 11. e4 Be6
12. Bd2 Qc8 13. b3 Bh3 14. Rac1 Bxg2 15. Kxg2 Nd7 16. Nd5 Re8
17. Bg5 f6 18. Be3 Ne5 19. Qe2 e6 20. Nc3 f5 21. Bf4 Qc6
22. f3 Nf7 23. exf5 gxf5 24. Rfd1 a6 25. Qf2 b5 26. cxb5 Qd7
27. bxa6 Rxa6 28. a4 Bxc3 29. Rxc3 e5 30. Bc1 d5 31. f4 d4
32. fxe5 Rxe5 33. Rxd4 Qe8 34. Re3 Qc6+ 35. Qf3 Qxc1 36. Rxe5
Qb2+ 37. Qe2 Qxd4 38. Re8+ Kg7 39. Qxa6 Qd5+ 40. Kf2 Qd4+
41. Kf1 Qd1+ 42. Re1 Qxb3 43. Qe2 Qxa4 44. Qb2+ Kf8 45. Qb8+
Kg7 46. Qf4 Qb5+ 47. Kg1 Qc5+ 48. Qe3 Qd5 49. Rc1 Kg6 50. Re1
Kg7 51. h3 h6 52. Re2 Ng5 53. Qe7+ Kg6 54. Qe8+ Kf6 55. Qe7+
Kg6 56. Qe8+ Kf6 57. Qe7+ Kg6 58. Qe8+ 1/2-1/2

[Event "Bled Olympiad"]
[Site "Bled SLO"]
[Date "2002.10.31"]
[EventDate "2002.10.26"]
[Round "6"]
[Result "1-0"]
[White "Erald Dervishi"]
[Black "Amanmurad Kakageldyev"]
[WhiteElo "2513"]
[BlackElo "2468"]
[PlyCount "111"]

1. e4 g6 2. d4 Bg7 3. Nf3 d6 4. Nc3 c6 5. Be2 Nf6 6. O-O O-O
7. h3 Nbd7 8. e5 dxe5 9. dxe5 Nd5 10. Nxd5 cxd5 11. Bf4 Nc5
12. Qd2 Ne6 13. Bg3 b6 14. Rfd1 Bb7 15. c3 Qd7 16. Nd4 Nc5
17. Qe3 e6 18. b4 Ne4 19. Bh2 f5 20. exf6 Rxf6 21. Be5 Rxf2
22. Bxg7 Rxe2 23. Qxe2 Qxg7 24. Rac1 Re8 25. Qe3 e5 26. Nf3
Nd6 27. Re1 Nc4 28. Qe2 e4 29. Nd4 Ne5 30. Rf1 Nd3 31. Rcd1
Qe5 32. Qe3 Kg7 33. b5 Qe7 34. Rd2 Qd7 35. Qg5 Rf8 36. Rxf8
Kxf8 37. Qf6+ Ke8 38. Qh8+ Ke7 39. Qxh7+ Kd6 40. Qxg6+ Kc5
41. Qf6 Kc4 42. Nf5 Kxb5 43. Nd6+ Ka5 44. Nxb7+ Qxb7 45. Qd4
Qc6 46. Rd1 Ka6 47. Rf1 Qe6 48. Rf6 Qe7 49. Rf5 Qa3 50. Qxd5
Nc5 51. Qc4+ Kb7 52. Kh2 Qc1 53. Rf7+ Kc6 54. Rf6+ Kb7
55. Qd5+ Kb8 56. Rf8+ 1-0